[Event "HUN Team League Csongrad Region 2018-19 "]
[Site "Csongrád County"]
[Date "2018.12.09"]
[Round "5.1"]
[White "Varga, Gabor"]
[Black "Nagy Dani, Karoly"]
[Result "0-1"]
[WhiteElo "1839"]
[BlackElo "1791"]
[PlyCount "78"]
[EventDate "2018.09.30"]
[WhiteTeam "Meritum SE III."]
[BlackTeam "Röszkei SK"]

1. e4 e6 2. d4 d5 3. e5 c5 4. c3 Nc6 5. f4 Bd7 6. Nf3 Rc8 7. Be3 Qb6 8. Qd2 Nh6
9. h3 Nf5 10. Bf2 cxd4 11. cxd4 Na5 12. g4 Bb4 13. Nc3 Ne7 14. Rc1 O-O 15. h4
Nc4 16. Bxc4 Rxc4 17. O-O Rfc8 18. Be1 Nc6 19. Rd1 Nxd4 20. Nxd4 Rxd4 21. Qxd4
Bc5 22. Bf2 Bxd4 23. Bxd4 Qa6 24. Rf2 b5 25. a3 Qb7 26. b4 Rc4 27. Rfd2 Qc7 28.
Rc1 f6 29. Kf2 fxe5 30. Bxe5 Rxf4+ 31. Bxf4 Qxf4+ 32. Ke2 Qxg4+ 33. Kd3 Qc4+
34. Ke3 e5 35. Ne2 Qe4+ 36. Kf2 Qxh4+ 37. Ke3 d4+ 38. Kf3 e4+ 39. Kg2 Qh3+ 0-1

[Event "HUN Team League Csongrad Region 2018-19 "]
[Site "Csongrád County"]
[Date "2018.12.09"]
[Round "5.1"]
[White "Ver, Imre"]
[Black "Farkas, Boldizsar"]
[Result "0-1"]
[WhiteElo "1766"]
[BlackElo "1637"]
[PlyCount "62"]
[EventDate "2018.09.30"]
[WhiteTeam "Röszkei SK"]
[BlackTeam "Meritum SE III."]

1. c4 e6 2. Nc3 b6 3. d4 Bb7 4. e4 Bb4 5. f3 d6 6. a3 Bxc3+ 7. bxc3 h6 8. Bd3
Nd7 9. Ne2 Ngf6 10. O-O O-O 11. Ng3 c5 12. d5 Ba6 13. f4 exd5 14. cxd5 Bxd3 15.
Qxd3 Re8 16. c4 a6 17. a4 b5 18. a5 bxc4 19. Qxc4 Ng4 20. h3 Ngf6 21. Bd2 h5
22. Rfe1 g6 23. Bc3 h4 24. Nh1 Re7 25. e5 dxe5 26. fxe5 Nh5 27. Qxh4 Qe8 28.
Qg5 Rb8 29. Ra3 f6 30. Qc1 Nxe5 31. Ba1 Nf3+ 0-1

[Event "HUN Team League Csongrad Region 2018-19 "]
[Site "Csongrád County"]
[Date "2018.12.09"]
[Round "5.1"]
[White "Kurucz, Gergely"]
[Black "Bartos, Ferenc"]
[Result "1/2-1/2"]
[WhiteElo "1580"]
[BlackElo "1737"]
[PlyCount "87"]
[EventDate "2018.09.30"]
[WhiteTeam "Meritum SE III."]
[BlackTeam "Röszkei SK"]

1. e4 e5 2. f4 exf4 3. Nf3 d6 4. Bc4 Bg4 5. O-O Nf6 6. d3 Nc6 7. h3 Bxf3 8.
Qxf3 Ne5 9. Qxf4 Nxc4 10. dxc4 Qe7 11. Nc3 Qe5 12. Nd5 Qxf4 13. Bxf4 Nxd5 14.
exd5 f6 15. Rfe1+ Kd7 16. h4 Be7 17. c5 Rae8 18. cxd6 Bxd6 19. Bxd6 Kxd6 20. c4
Re5 21. Rxe5 fxe5 22. Rf1 Re8 23. Rf7 Re7 24. Rxe7 Kxe7 25. Kf2 Kd6 26. Ke3 b5
27. b3 bxc4 28. bxc4 a5 29. Ke4 a4 30. g4 g6 31. h5 a3 32. hxg6 hxg6 33. g5 Kc5
34. Kxe5 Kxc4 35. Kf6 Kc3 36. Kxg6 Kb2 37. Kh7 Kxa2 38. g6 Kb2 39. g7 a2 40.
g8=Q a1=Q 41. Qb8+ Ka2 42. Qa7+ Kb2 43. Qxc7 Qh1+ 44. Kg8 1/2-1/2

[Event "HUN Team League Csongrad Region 2018-19 "]
[Site "Csongrád County"]
[Date "2018.12.09"]
[Round "5.1"]
[White "Sipos, Kalman"]
[Black "Filep, Miklos Sr."]
[Result "1/2-1/2"]
[WhiteElo "1706"]
[BlackElo "1521"]
[PlyCount "64"]
[EventDate "2018.09.30"]
[WhiteTeam "Röszkei SK"]
[BlackTeam "Meritum SE III."]

1. e4 c5 2. c3 Nc6 3. Nf3 Qc7 4. Be2 e6 5. O-O Nf6 6. d3 Be7 7. Na3 a6 8. h3
O-O 9. Be3 d6 10. Qd2 b6 11. Rfc1 Bb7 12. b4 Qd8 13. Nc2 Rc8 14. a4 cxb4 15.
cxb4 e5 16. Rab1 Nd7 17. Na3 Na7 18. Rxc8 Nxc8 19. Rc1 d5 20. exd5 Bxd5 21. Nb1
Nd6 22. Nc3 Bb7 23. Qb2 Nf5 24. Bd2 Nd4 25. Nxd4 exd4 26. Ne4 f5 27. Ng3 Ne5
28. Bf4 Qd5 29. f3 Ng6 30. Bd2 Bd6 31. Bd1 Qe5 32. Bb3+ Kh8 1/2-1/2

[Event "HUN Team League Csongrad Region 2018-19 "]
[Site "Csongrád County"]
[Date "2018.12.09"]
[Round "5.1"]
[White "Varga, Szilvia"]
[Black "Abraham, Lajos"]
[Result "0-1"]
[WhiteElo "1426"]
[BlackElo "1629"]
[PlyCount "46"]
[EventDate "2018.09.30"]
[WhiteTeam "Meritum SE III."]
[BlackTeam "Röszkei SK"]

1. e4 c5 2. Nf3 d6 3. Nc3 a6 4. h3 b5 5. a3 Bb7 6. d3 h6 7. Be2 Nf6 8. O-O e5
9. b4 cxb4 10. axb4 Nc6 11. Na2 d5 12. exd5 Nxd5 13. c3 Bd6 14. Bd2 O-O 15. Rb1
Re8 16. Re1 Qf6 17. Qc1 Rac8 18. Nh2 Ncxb4 19. Nxb4 Bxb4 20. c4 Bxd2 21. Qxd2
Nf4 22. f3 Qg5 23. Bd1 Nxh3+ 0-1

[Event "HUN Team League Csongrad Region 2018-19 "]
[Site "Csongrád County"]
[Date "2018.12.09"]
[Round "5.1"]
[White "Varga, Laszlo"]
[Black "Miko, Vince"]
[Result "1/2-1/2"]
[WhiteElo "1692"]
[BlackElo "1318"]
[PlyCount "84"]
[EventDate "2018.09.30"]
[WhiteTeam "Röszkei SK"]
[BlackTeam "Meritum SE III."]

1. Nf3 d5 2. d4 g6 3. Nc3 Bg7 4. e4 dxe4 5. Nxe4 Bf5 6. Nc5 b6 7. Nb3 Bc8 8.
Bc4 Bb7 9. O-O e6 10. c3 Nd7 11. Re1 Ne7 12. Bg5 Bf6 13. Bh6 Nf5 14. Bf4 c6 15.
a4 O-O 16. Nbd2 c5 17. g4 Nh4 18. Nxh4 Bxh4 19. Nf3 g5 20. Bd6 Re8 21. d5 Qf6
22. Nxh4 gxh4 23. Bb5 exd5 24. Rxe8+ Rxe8 25. Bxd7 Rd8 26. Bxc5 bxc5 27. Bf5 d4
28. cxd4 Rxd4 29. Qe2 Qc6 30. f3 Qxf3 31. Qxf3 Bxf3 32. h3 a5 33. Kf2 Bc6 34.
b3 Kg7 35. Rc1 Rd5 36. Ke3 Re5+ 37. Kf4 f6 38. Rd1 Rd5 39. Rxd5 Bxd5 40. Bc2 c4
41. bxc4 Bxc4 42. g5 h6 1/2-1/2

[Event "HUN Team League Csongrad Region 2018-19 "]
[Site "Csongrád County"]
[Date "2018.12.09"]
[Round "5.1"]
[White "Tamas, Attila"]
[Black "Kadnar, Emil"]
[Result "0-1"]
[WhiteElo "1321"]
[BlackElo "1638"]
[PlyCount "88"]
[EventDate "2018.09.30"]
[WhiteTeam "Meritum SE III."]
[BlackTeam "Röszkei SK"]

1. Nf3 d6 2. d4 e6 3. e4 Be7 4. Be3 a6 5. Bd3 Nd7 6. O-O e5 7. d5 Ngf6 8. c4
O-O 9. Re1 Ng4 10. h3 Nxe3 11. Rxe3 Nf6 12. Nh4 Ng4 13. hxg4 Bxh4 14. g3 Bg5
15. Re1 g6 16. Bf1 Kg7 17. Nd2 Rh8 18. Bh3 Bd7 19. Kg2 h5 20. Rh1 hxg4 21. Bxg4
Rxh1 22. Kxh1 Bxg4 23. Qxg4 Bxd2 24. Rd1 Qg5 25. Qxg5 Bxg5 26. Kg2 Rb8 27. b3
Be7 28. Rf1 b5 29. Rc1 b4 30. f4 f6 31. Kf3 Rb6 32. g4 c5 33. Rc2 a5 34. f5 Bf8
35. Rg2 Be7 36. Ke3 Ra6 37. Kd3 a4 38. Rb2 axb3 39. axb3 Ra3 40. Kc2 Kh6 41.
Rb1 Kg5 42. Kb2 Bf8 43. Rh1 Bh6 44. Rh2 Ra8 0-1

[Event "HUN Team League Csongrad Region 2018-19 "]
[Site "Csongrád County"]
[Date "2018.12.09"]
[Round "5.2"]
[White "Gyugyi, Peter"]
[Black "Udvardi, Zalan"]
[Result "0-1"]
[WhiteElo "1956"]
[BlackElo "2212"]
[PlyCount "48"]
[EventDate "2018.09.30"]
[WhiteTeam "Üllési ISE"]
[BlackTeam "Szentesi Sakk SE II."]

1. e4 c5 2. Nf3 Nc6 3. d4 cxd4 4. Nxd4 Nf6 5. Nc3 e5 6. Ndb5 d6 7. Bg5 a6 8.
Na3 b5 9. Nd5 Be7 10. Bxf6 Bxf6 11. Nb1 Bg5 12. a4 b4 13. Nd2 O-O 14. Nf3 Bg4
15. h3 Bxf3 16. Qxf3 Nd4 17. Qd3 Qa5 18. b3 Rac8 19. Ra2 Qc5 20. Qc4 Qa7 21.
Qxa6 Rxc2 22. Rxc2 Nxc2+ 23. Kd1 Qd4+ 24. Qd3 Qa1+ 0-1

[Event "HUN Team League Csongrad Region 2018-19 "]
[Site "Csongrád County"]
[Date "2018.12.09"]
[Round "5.2"]
[White "Hajdu, Istvan"]
[Black "Szabo, Zoltan"]
[Result "0-1"]
[WhiteElo "1887"]
[BlackElo "1789"]
[PlyCount "82"]
[EventDate "2018.09.30"]
[WhiteTeam "Szentesi Sakk SE II."]
[BlackTeam "Üllési ISE"]

1. e4 e5 2. Nf3 Nc6 3. d4 exd4 4. Bc4 Be7 5. c3 dxc3 6. Qd5 Nh6 7. Bxh6 O-O 8.
Bxg7 Kxg7 9. Nxc3 d6 10. Qh5 Be6 11. Bxe6 fxe6 12. Qg4+ Kf7 13. h4 Bf6 14. Ng5+
Bxg5 15. hxg5 Rh8 16. Rxh7+ Rxh7 17. g6+ Kg7 18. gxh7+ Kh8 19. O-O-O Qf6 20. f4
Rf8 21. g3 a6 22. Rh1 Qd4 23. Qe2 b5 24. a3 Rf7 25. Qh5 Qg7 26. Qf3 Ne5 27. Qh5
Nc4 28. Qf3 Ne5 29. Qh5 Nc4 30. Qf3 Ne5 31. Qe3 Nc4 32. Qa7 Nxa3 33. Qxa6 b4
34. Ne2 c5 35. Rh5 Rf8 36. Qxd6 Nc4 37. Kd1 Nxd6 38. Kd2 Qg4 39. Rg5 Qf3 40.
Rg6 Qh1 41. Kc2 Qxe4+ 0-1

[Event "HUN Team League Csongrad Region 2018-19 "]
[Site "Csongrád County"]
[Date "2018.12.09"]
[Round "5.2"]
[White "Papp, Zoltan"]
[Black "Balatoni, Gyorgy"]
[Result "1/2-1/2"]
[WhiteElo "1829"]
[BlackElo "1709"]
[PlyCount "94"]
[EventDate "2018.09.30"]
[WhiteTeam "Üllési ISE"]
[BlackTeam "Szentesi Sakk SE II."]

1. d4 Nf6 2. f4 d5 3. Nf3 g6 4. e3 Bg7 5. Bd3 O-O 6. O-O Nbd7 7. Bd2 c5 8. c3
b6 9. Be1 Bb7 10. Bh4 Ne4 11. Nbd2 Ndf6 12. Qe2 Qc7 13. Ne5 Nxd2 14. Qxd2 Ne4
15. Qe2 f6 16. Ng4 e6 17. Bg3 Qe7 18. Bxe4 dxe4 19. Bh4 Qc7 20. Rfd1 c4 21. Qc2
Rac8 22. Bg3 Qd7 23. h3 Bd5 24. Nf2 f5 25. Bh4 Bf6 26. Bxf6 Rxf6 27. g4 Rf7 28.
Kh1 Qc6 29. Rg1 Rcc7 30. Rg3 Rg7 31. Rag1 b5 32. h4 Qe8 33. Nh3 h6 34. gxf5
gxf5 35. Qf2 Kh7 36. Kh2 Rxg3 37. Qxg3 Qf7 38. Nf2 Qg7 39. Qh3 Qf6 40. Nh1 Rg7
41. Rg3 a5 42. a3 Qe7 43. Rxg7+ Qxg7 44. Ng3 Qg6 45. Ne2 Qh5 46. Ng1 Qg6 47.
Qg3 Qf6 1/2-1/2

[Event "HUN Team League Csongrad Region 2018-19 "]
[Site "Csongrád County"]
[Date "2018.12.09"]
[Round "5.2"]
[White "Czibulya, Ferenc"]
[Black "Benke, Andras"]
[Result "0-1"]
[WhiteElo "1780"]
[BlackElo "1771"]
[PlyCount "96"]
[EventDate "2018.09.30"]
[WhiteTeam "Szentesi Sakk SE II."]
[BlackTeam "Üllési ISE"]

1. d4 Nf6 2. c4 e6 3. Nc3 Bb4 4. Bd2 c5 5. e3 cxd4 6. exd4 d5 7. Nf3 O-O 8. a3
Bxc3 9. Bxc3 dxc4 10. Bxc4 Nc6 11. O-O Qc7 12. Be2 b6 13. Ne5 Nd5 14. Nxc6 Qxc6
15. Bf3 Ba6 16. Re1 Rac8 17. Rc1 Nxc3 18. Bxc6 Nxd1 19. Rexd1 Rfd8 20. f3 Rd6
21. Be4 Rxc1 22. Rxc1 f5 23. Bc6 Rxd4 24. b4 Bc4 25. Rc3 b5 26. Kf2 Rd6 27. Ba8
Rd8 28. Bc6 Rd6 29. Ba8 f4 30. Ke1 Rd3 31. Rxd3 Bxd3 32. Kf2 Kf7 33. g3 e5 34.
Bd5+ Kf6 35. Ke1 Ke7 36. Kd2 Bf1 37. Ke1 Bd3 38. Kd2 Bf5 39. Ke2 Kd6 40. Bb3 g5
41. g4 Bg6 42. h3 e4 43. fxe4 Bxe4 44. Kf2 Ke5 45. a4 a6 46. axb5 axb5 47. Bf7
Bc6 48. Bg8 h6 0-1

[Event "HUN Team League Csongrad Region 2018-19 "]
[Site "Csongrád County"]
[Date "2018.12.09"]
[Round "5.2"]
[White "Molnar, Jeno"]
[Black "Nagy, Noemi"]
[Result "1/2-1/2"]
[WhiteElo "1611"]
[BlackElo "1573"]
[PlyCount "98"]
[EventDate "2018.09.30"]
[WhiteTeam "Üllési ISE"]
[BlackTeam "Szentesi Sakk SE II."]

1. e4 c6 2. d4 d5 3. Nc3 dxe4 4. Nxe4 Nd7 5. Nf3 Ngf6 6. Nc3 Nb6 7. h3 Bf5 8.
Bd3 Bxd3 9. Qxd3 e6 10. O-O Be7 11. Re1 O-O 12. Ne4 Nxe4 13. Qxe4 Qd5 14. c3
Qxe4 15. Rxe4 Nd5 16. Bd2 Rfd8 17. c4 Nf6 18. Re2 Kf8 19. Bc3 Rac8 20. a4 Nh5
21. g3 Bf6 22. Ne5 g6 23. Kg2 Be7 24. Nf3 Nf6 25. Ne5 Nd7 26. Rae1 Nxe5 27.
Rxe5 Bf6 28. R5e4 Rd7 29. Bb4+ Kg8 30. Bc3 Rcd8 31. Rd1 c5 32. d5 Bxc3 33. bxc3
exd5 34. cxd5 Rxd5 35. Rxd5 Rxd5 36. Re8+ Kg7 37. Re7 Rd6 38. Rxb7 Ra6 39. Rb5
Rxa4 40. Rxc5 Kf6 41. Rc7 a5 42. Ra7 Rc4 43. Rxa5 Rxc3 44. Ra7 h5 45. h4 Ke6
46. Ra6+ Ke7 47. Ra7+ Ke6 48. Ra6+ Ke7 49. Ra7+ Ke6 1/2-1/2

[Event "HUN Team League Csongrad Region 2018-19 "]
[Site "Csongrád County"]
[Date "2018.12.09"]
[Round "5.2"]
[White "Kozak, Janos"]
[Black "Heintz, Sebestyen"]
[Result "1/2-1/2"]
[WhiteElo "1528"]
[BlackElo "1675"]
[PlyCount "57"]
[EventDate "2018.09.30"]
[WhiteTeam "Szentesi Sakk SE II."]
[BlackTeam "Üllési ISE"]

1. c4 c5 2. Nf3 g6 3. Nc3 Bg7 4. g3 b6 5. Bg2 Bb7 6. O-O e6 7. e4 Nc6 8. d3
Nge7 9. Be3 O-O 10. Qd2 Qc7 11. Nb5 Qb8 12. Bh6 a6 13. Nc3 Re8 14. Bxg7 Kxg7
15. d4 d6 16. Rad1 e5 17. dxc5 dxc5 18. Nd5 Rd8 19. Qg5 Nxd5 20. cxd5 f6 21.
Qe3 Nd4 22. Nxd4 cxd4 23. Qb3 Qd6 24. Rc1 Rac8 25. Bh3 Rc7 26. Rc2 Bc8 27. Bxc8
Rdxc8 28. Rfc1 b5 29. a3 1/2-1/2

[Event "HUN Team League Csongrad Region 2018-19 "]
[Site "Csongrád County"]
[Date "2018.12.09"]
[Round "5.2"]
[White "Gabor, Geza"]
[Black "Bullas, Gabor"]
[Result "1-0"]
[WhiteElo "1545"]
[BlackElo "1081"]
[PlyCount "63"]
[EventDate "2018.09.30"]
[WhiteTeam "Üllési ISE"]
[BlackTeam "Szentesi Sakk SE II."]

1. e4 e5 2. f4 d6 3. Nf3 Nc6 4. Nc3 a6 5. d4 Bg4 6. d5 Nd4 7. Be2 Bxf3 8. Bxf3
Nxf3+ 9. Qxf3 Nf6 10. fxe5 dxe5 11. Bg5 Be7 12. Bxf6 Bxf6 13. O-O O-O 14. a4 c6
15. Rad1 Qb6+ 16. Kh1 Qxb2 17. d6 Qb6 18. Qg3 Kh8 19. Rd3 Rad8 20. Qg4 c5 21.
Nd5 Qc6 22. Nxf6 gxf6 23. Rxf6 Rg8 24. Qf5 Qxa4 25. Qf3 Qxc2 26. Rxf7 Rg7 27.
Rf8+ Rxf8 28. Qxf8+ Rg8 29. Qf3 Rxg2 30. Rd5 Rxh2+ 31. Kg1 h6 32. d7 1-0

[Event "HUN Team League Csongrad Region 2018-19 "]
[Site "Csongrád County"]
[Date "2018.12.09"]
[Round "5.3"]
[White "Papp, Bence"]
[Black "Borus, Andras"]
[Result "1-0"]
[WhiteElo "2028"]
[BlackElo "2034"]
[PlyCount "47"]
[EventDate "2018.09.30"]
[WhiteTeam "Meritum SE II."]
[BlackTeam "Maróczy Géza SE IV."]

1. e4 c5 2. Nf3 d6 3. d4 cxd4 4. Nxd4 Nf6 5. Nc3 a6 6. Bg5 e6 7. f4 Be7 8. Qf3
Qc7 9. O-O-O Nbd7 10. g4 b5 11. Bxf6 Nxf6 12. g5 Nd7 13. f5 Bxg5+ 14. Kb1 O-O
15. fxe6 Nb6 16. Bh3 b4 17. Rhg1 f6 18. Nd5 Nxd5 19. exd5 Bb7 20. Bf5 Qe7 21.
h4 Bh6 22. Qh5 Kh8 23. Bxh7 Kxh7 24. Nf5 1-0

[Event "HUN Team League Csongrad Region 2018-19 "]
[Site "Csongrád County"]
[Date "2018.12.09"]
[Round "5.3"]
[White "Tenk, Zoltan"]
[Black "Csikos, Mihaly"]
[Result "1/2-1/2"]
[WhiteElo "1907"]
[BlackElo "2031"]
[PlyCount "110"]
[EventDate "2018.09.30"]
[WhiteTeam "Maróczy Géza SE IV."]
[BlackTeam "Meritum SE II."]

1. e4 e6 2. d4 d5 3. exd5 exd5 4. Nf3 Nf6 5. Be2 Bd6 6. Bg5 O-O 7. O-O c6 8.
Nbd2 Be6 9. b3 Nbd7 10. c4 h6 11. Bh4 g5 12. Bg3 Bxg3 13. hxg3 Ne4 14. Nxe4
dxe4 15. Ne1 Nf6 16. Nc2 Qd7 17. Qd2 Rad8 18. Rad1 Nh7 19. Qe3 f5 20. d5 cxd5
21. cxd5 Bf7 22. d6 Nf6 23. Rd4 Rc8 24. Bc4 b5 25. Bxf7+ Rxf7 26. Rd2 Rc6 27.
Rfd1 a5 28. Qe2 Rb6 29. Qe3 Rb7 30. Qc5 f4 31. gxf4 gxf4 32. Qe5 f3 33. Ne3 Ng4
34. Nxg4 Qxg4 35. Qg3 Qxg3 36. fxg3 Rbd7 37. Kf2 Rf6 38. gxf3 Rxf3+ 39. Kg2 Rf5
40. Rd5 Rxd5 41. Rxd5 Kf7 42. Kf2 Ke6 43. Rxb5 a4 44. Ke3 Rg7 45. Kxe4 Rxg3 46.
Rb6 h5 47. b4 h4 48. Kd4 h3 49. d7+ Kxd7 50. Rh6 Ra3 51. Kc4 Rxa2 52. Rxh3 Ra1
53. b5 Kc7 54. Kb4 Kb6 55. Rh6+ Kb7 1/2-1/2

[Event "HUN Team League Csongrad Region 2018-19 "]
[Site "Csongrád County"]
[Date "2018.12.09"]
[Round "5.3"]
[White "Tapodi, Norman Lajos"]
[Black "Pluhar, Andras"]
[Result "0-1"]
[WhiteElo "1920"]
[BlackElo "1838"]
[PlyCount "40"]
[EventDate "2018.09.30"]
[WhiteTeam "Meritum SE II."]
[BlackTeam "Maróczy Géza SE IV."]

1. d4 Nf6 2. c4 e6 3. Nc3 Bb4 4. Qc2 O-O 5. e4 d5 6. e5 Ne4 7. Bd3 f5 8. exf6
Qxf6 9. Nf3 c5 10. Bxe4 dxe4 11. Qxe4 cxd4 12. Qxd4 Qg6 13. Ng5 Nc6 14. Qe4 Rf5
15. f4 Rxg5 16. Qxg6 Rxg6 17. O-O Bc5+ 18. Kh1 b6 19. a3 Bb7 20. b4 Nxb4 0-1

[Event "HUN Team League Csongrad Region 2018-19 "]
[Site "Csongrád County"]
[Date "2018.12.09"]
[Round "5.3"]
[White "Blazsik, Zoltan"]
[Black "Daroczi, Donat"]
[Result "0-1"]
[WhiteElo "1715"]
[BlackElo "1914"]
[PlyCount "54"]
[EventDate "2018.09.30"]
[WhiteTeam "Maróczy Géza SE IV."]
[BlackTeam "Meritum SE II."]

1. e4 e6 2. d4 d5 3. e5 c5 4. c3 Ne7 5. Bd3 Nec6 6. Nf3 Nd7 7. O-O Be7 8. Nbd2
b6 9. Re1 a5 10. Bb5 Qc7 11. b3 Ba6 12. Bxa6 Rxa6 13. Qe2 Ra8 14. Bb2 O-O 15.
c4 Nb4 16. Rec1 dxc4 17. bxc4 cxd4 18. Bxd4 Nc6 19. Re1 Bb4 20. Bb2 Rfd8 21. a3
Bxd2 22. Qxd2 Ndxe5 23. Qf4 Nxf3+ 24. Qxf3 Ne7 25. Bd4 Rac8 26. Qg4 Nf5 27. Be5
Qxc4 0-1

[Event "HUN Team League Csongrad Region 2018-19 "]
[Site "Csongrád County"]
[Date "2018.12.09"]
[Round "5.3"]
[White "Palotai, Bendeguz"]
[Black "Szamko, Szabolcs"]
[Result "1-0"]
[WhiteElo "1973"]
[BlackElo "1485"]
[PlyCount "109"]
[EventDate "2018.09.30"]
[WhiteTeam "Meritum SE II."]
[BlackTeam "Maróczy Géza SE IV."]

1. d4 d5 2. Bf4 c5 3. c3 cxd4 4. cxd4 Nc6 5. e3 Bf5 6. Nc3 e6 7. Nf3 Bb4 8. Bd3
Bg6 9. O-O Bd6 10. Ne5 Bxd3 11. Qxd3 Bxe5 12. Bxe5 Nxe5 13. dxe5 Ne7 14. e4
dxe4 15. Qxe4 Qb6 16. Qe2 O-O 17. Kh1 Ng6 18. f4 Rfe8 19. Ne4 Re7 20. Rf3 Rd8
21. Nd6 Red7 22. Re1 f5 23. Qc4 Nf8 24. Rb3 Qa5 25. Rc3 Qb6 26. b4 a5 27. b5
Qf2 28. Rf1 Qb2 29. Rc2 Qa3 30. Rf3 Qb4 31. Qxb4 axb4 32. Rb3 Ng6 33. g3 Ne7
34. Rxb4 Nd5 35. Ra4 b6 36. Kg1 g6 37. Kf2 Re7 38. Rc6 Rc7 39. Rxc7 Nxc7 40.
Ra7 Nd5 41. Ke1 Rf8 42. Kd2 Rd8 43. a4 Rb8 44. Kd3 Nb4+ 45. Kd4 Nd5 46. a5 bxa5
47. Rxa5 Nb6 48. Ra7 Nd5 49. Kc5 Kh8 50. Kc6 Rg8 51. Nf7+ Kg7 52. Ng5+ Kf8 53.
Nxe6+ Ke8 54. Kxd5 Rf8 55. Kd6 1-0

[Event "HUN Team League Csongrad Region 2018-19 "]
[Site "Csongrád County"]
[Date "2018.12.09"]
[Round "5.3"]
[White "Veres, Sandor"]
[Black "Fabian, Istvan"]
[Result "0-1"]
[WhiteElo "1503"]
[BlackElo "1744"]
[PlyCount "126"]
[EventDate "2018.09.30"]
[WhiteTeam "Maróczy Géza SE IV."]
[BlackTeam "Meritum SE II."]

1. d4 d5 2. c4 Bf5 3. Nc3 Nf6 4. Bg5 e6 5. Nf3 h6 6. Bh4 g5 7. Bg3 Ne4 8. cxd5
exd5 9. Qb3 Nxc3 10. bxc3 b6 11. e3 c6 12. c4 Qe7 13. a3 Be4 14. Nd2 Bg7 15.
Nxe4 Qxe4 16. Qd3 Qxd3 17. Bxd3 dxc4 18. Bxc4 Nd7 19. Bd6 Bf8 20. Bxf8 Kxf8 21.
O-O Kg7 22. f4 g4 23. e4 Nf6 24. e5 Nd5 25. Bxd5 cxd5 26. Rac1 Rac8 27. Kf2 Rc4
28. Rxc4 dxc4 29. Rc1 b5 30. Ke3 Kg6 31. d5 Kf5 32. g3 h5 33. a4 a6 34. axb5
axb5 35. Kd4 h4 36. Kc5 hxg3 37. hxg3 Rb8 38. Kc6 b4 39. Kc7 b3 40. Kxb8 b2 41.
Rb1 c3 42. d6 Ke6 43. f5+ Kd7 44. Ka7 Kc6 45. Ka6 c2 46. Rxb2 c1=Q 47. Rb6+ Kd5
48. Rb5+ Kc6 49. Rb6+ Kd5 50. d7 Qc4+ 51. Rb5+ Kc6 52. d8=N+ Kc7 53. Nb7 Qa4+
54. Na5 Qe4 55. Rb7+ Kc8 56. f6 Qxe5 57. Rb6 Qxg3 58. Rc6+ Kd7 59. Kb7 Qf3 60.
Kb6 Qf2+ 61. Kb7 g3 62. Rc7+ Ke6 63. Rc6+ Kf5 0-1

[Event "HUN Team League Csongrad Region 2018-19 "]
[Site "Csongrád County"]
[Date "2018.12.09"]
[Round "5.3"]
[White "Kiss, Rebeka"]
[Black "Gyemant, Karoly"]
[Result "1/2-1/2"]
[WhiteElo "1698"]
[BlackElo "1583"]
[PlyCount "93"]
[EventDate "2018.09.30"]
[WhiteTeam "Meritum SE II."]
[BlackTeam "Maróczy Géza SE IV."]

1. e4 e6 2. d4 d5 3. Nc3 dxe4 4. Nxe4 Nf6 5. Bg5 Be7 6. Bxf6 Bxf6 7. Nf3 O-O 8.
c3 c6 9. Bd3 Nd7 10. Qc2 g6 11. Nxf6+ Qxf6 12. O-O e5 13. dxe5 Nxe5 14. Nxe5
Qxe5 15. Rfe1 Qf6 16. Re3 Be6 17. Rae1 b5 18. Rf3 Qg7 19. b3 a5 20. c4 bxc4 21.
Bxc4 Bxc4 22. Qxc4 Qb2 23. Qe2 Qxe2 24. Rxe2 a4 25. g3 axb3 26. Rxb3 Rfe8 27.
Rxe8+ Rxe8 28. Re3 Ra8 29. a3 Kg7 30. Kf1 Kf6 31. Ke2 c5 32. Rc3 Ra5 33. Kd3
Kg5 34. Kc4 Kg4 35. h4 f5 36. f4 h6 37. Kd5 g5 38. hxg5 hxg5 39. fxg5 Kxg5 40.
Kc6 c4 41. Kb6 Ra8 42. Kb5 Kg4 43. a4 Rb8+ 44. Kxc4 Rc8+ 45. Kb4 Rxc3 46. Kxc3
Kxg3 47. a5 1/2-1/2

[Event "HUN Team League Csongrad Region 2018-19 "]
[Site "Csongrád County"]
[Date "2018.12.09"]
[Round "5.3"]
[White "Szamko, Hanna"]
[Black "Kantor, Robert"]
[Result "1-0"]
[WhiteElo "1347"]
[BlackElo "1447"]
[PlyCount "78"]
[EventDate "2018.09.30"]
[WhiteTeam "Maróczy Géza SE IV."]
[BlackTeam "Meritum SE II."]

1. e4 e5 2. Nf3 Nf6 3. Nc3 Bb4 4. d3 Bxc3+ 5. bxc3 Nc6 6. Bb2 d6 7. g3 Bg4 8.
Bg2 Qd7 9. Qd2 O-O 10. O-O Bh3 11. Ng5 Bxg2 12. Kxg2 h6 13. Nf3 Rad8 14. c4
Rfe8 15. Nh4 Nh7 16. Nf5 Ne7 17. Nxe7+ Rxe7 18. h4 f5 19. exf5 Qxf5 20. Ba3 Rf7
21. f3 c5 22. c3 g5 23. g4 Qe6 24. h5 b6 25. Qe2 Nf6 26. d4 Re8 27. d5 Qe7 28.
Bc1 e4 29. f4 Nh7 30. fxg5 Rxf1 31. Kxf1 Nxg5 32. Bxg5 Qxg5 33. Kg2 Qe5 34. Qe3
Qg7 35. Qg3 e3 36. Rc1 e2 37. Re1 Re4 38. Qxd6 Rxg4+ 39. Kh3 Rg3+ 1-0

[Event "HUN Team League Csongrad Region 2018-19 "]
[Site "Csongrád County"]
[Date "2018.12.09"]
[Round "5.4"]
[White "Csibor, Andras"]
[Black "Megyaszai, Balazs"]
[Result "0-1"]
[WhiteElo "1808"]
[BlackElo "1844"]
[PlyCount "84"]
[EventDate "2018.09.30"]
[WhiteTeam "Makói SVSE III."]
[BlackTeam "Maróczy Géza SE V."]

1. d4 d5 2. c4 e6 3. Nc3 c6 4. e4 dxe4 5. Nxe4 Be7 6. Nf3 Nf6 7. Bd3 Nbd7 8.
O-O Nb6 9. a4 Nxe4 10. Bxe4 Nxc4 11. Qc2 Nb6 12. Bxh7 Nd5 13. Be4 Qc7 14. g3
Nf6 15. Re1 Bd7 16. Bf4 Bd6 17. Be5 O-O-O 18. b4 Bxe5 19. dxe5 Nxe4 20. Qxe4
Be8 21. a5 a6 22. b5 cxb5 23. Nd4 Kb8 24. Red1 Rd5 25. f4 Qd8 26. Rd3 g5 27.
Rad1 gxf4 28. Qxf4 Qxa5 29. Qf6 Rg8 30. Kg2 Qc7 31. Nf3 Bc6 32. Kf2 Rxd3 33.
Rxd3 Bd5 34. h4 Qc5+ 35. Re3 b4 36. h5 b3 37. h6 b2 38. h7 Rc8 39. Nd2 Qc2 40.
h8=Q Qxd2+ 41. Re2 Qd4+ 42. Re3 b1=Q 0-1

[Event "HUN Team League Csongrad Region 2018-19 "]
[Site "Csongrád County"]
[Date "2018.12.09"]
[Round "5.4"]
[White "Szajbely, Samuel Janos"]
[Black "Hajnal, Bence"]
[Result "1/2-1/2"]
[WhiteElo "1752"]
[BlackElo "1790"]
[PlyCount "35"]
[EventDate "2018.09.30"]
[WhiteTeam "Maróczy Géza SE V."]
[BlackTeam "Makói SVSE III."]

1. e4 g6 2. Nf3 b6 3. Bc4 e6 4. d4 Bg7 5. Bg5 Ne7 6. Qd2 h6 7. Bh4 Bb7 8. Nc3
d6 9. d5 e5 10. g4 g5 11. Bg3 Ng6 12. h4 Nf4 13. hxg5 hxg5 14. Rxh8+ Bxh8 15.
O-O-O Bc8 16. Bb5+ Kf8 17. Nh2 a6 18. Bd3 1/2-1/2

[Event "HUN Team League Csongrad Region 2018-19 "]
[Site "Csongrád County"]
[Date "2018.12.09"]
[Round "5.4"]
[White "Miseta, Zsuzsanna"]
[Black "Arato, Daniel"]
[Result "1-0"]
[WhiteElo "1719"]
[BlackElo "1716"]
[PlyCount "89"]
[EventDate "2018.09.30"]
[WhiteTeam "Makói SVSE III."]
[BlackTeam "Maróczy Géza SE V."]

1. e4 c5 2. Nf3 e6 3. d4 cxd4 4. Nxd4 a6 5. a3 Nf6 6. Nc3 Nc6 7. Be3 Qc7 8. h3
Bc5 9. Nxe6 dxe6 10. Bxc5 Nd7 11. Qd6 Qxd6 12. Bxd6 b5 13. O-O-O Bb7 14. Be2 f6
15. Bg4 Kf7 16. Bf4 Rhd8 17. Bc7 Ke7 18. Bxd8+ Rxd8 19. f4 Na5 20. b3 Rc8 21.
Kb2 Nc5 22. Rhe1 Rc7 23. g3 Nc6 24. b4 Nd7 25. f5 Nd8 26. fxe6 Ne5 27. Nd5+
Bxd5 28. exd5 Nb7 29. Be2 Nd6 30. g4 h6 31. a4 Ndc4+ 32. Bxc4 Nxc4+ 33. Ka1
bxa4 34. Rd3 Kd6 35. Re4 Nb6 36. e7 Rxe7 37. Rxe7 Kxe7 38. d6+ Kd7 39. Rd4 Nc8
40. c4 Na7 41. c5 Nc6 42. Re4 g6 43. Ka2 f5 44. gxf5 gxf5 45. Rh4 1-0